Love in the time of cholera / (Record no. 1247)

000 -LEADER
fixed length control field 01350nam a22003497a 4500
001 - CONTROL NUMBER
control field 15102747
003 - CONTROL NUMBER IDENTIFIER
control field OSt
005 - DATE AND TIME OF LATEST TRANSACTION
control field 20210426101449.0
008 - FIXED-LENGTH DATA ELEMENTS--GENERAL INFORMATION
fixed length control field 071204s2003 nyu 000 1 eng
010 ## - LIBRARY OF CONGRESS CONTROL NUMBER
LC control number 2007282192
020 ## - INTERNATIONAL STANDARD BOOK NUMBER
International Standard Book Number 9780307387141 (pbk.)
040 ## - CATALOGING SOURCE
Original cataloging agency DLC
Transcribing agency DLC
Modifying agency DLC
Language of cataloging eng
041 1# - LANGUAGE CODE
Language code of text/sound track or separate title eng
Language code of original spa
043 ## - GEOGRAPHIC AREA CODE
Geographic area code s-ck---
050 00 - LIBRARY OF CONGRESS CALL NUMBER
Classification number PQ8180.17.A73
Item number A813 2003
080 ## - UNIVERSAL DECIMAL CLASSIFICATION NUMBER
Universal Decimal Classification number 821.111
Item number M-32
100 1# - MAIN ENTRY--PERSONAL NAME
Personal name García Márquez, Gabriel,
Dates associated with a name 1927-2014.
240 10 - UNIFORM TITLE
Uniform title Amor en los tiempos del cólera.
Language of a work English
245 10 - TITLE STATEMENT
Title Love in the time of cholera /
Statement of responsibility, etc. Gabriel García Márquez ; translated from the Spanish by Edith Grossman.
Remainder of title / by: Vintage International
250 ## - EDITION STATEMENT
Edition statement 1st Vintage International edition
260 ## - PUBLICATION, DISTRIBUTION, ETC.
Place of publication, distribution, etc. New York
Name of publisher, distributor, etc. Vintage International
Date of publication, distribution, etc. 2003.
300 ## - PHYSICAL DESCRIPTION
Extent 350 p.
Dimensions 21 cm.
365 ## - TRADE PRICE
Price amount 14.95 usd
500 ## - GENERAL NOTE
General note Translation of: El amor en los tiempos del cólera.
650 #0 - SUBJECT ADDED ENTRY--TOPICAL TERM
9 (RLIN) 254
Topical term or geographic name entry element English literature
651 #0 - SUBJECT ADDED ENTRY--GEOGRAPHIC NAME
Geographic name Colombia
Form subdivision Fiction.
653 ## - INDEX TERM--UNCONTROLLED
Uncontrolled term ინგლისური ლიტერატურა
700 ## - ADDED ENTRY--PERSONAL NAME
9 (RLIN) 804
Personal name Grossman, Edith
Relator term Translator
906 ## - LOCAL DATA ELEMENT F, LDF (RLIN)
a 7
b cbc
c origcop
d 2
e ncip
f 20
g y-gencatlg
942 ## - ADDED ENTRY ELEMENTS (KOHA)
Source of classification or shelving scheme
Koha item type Books
Edition 1
Holdings
Withdrawn status Lost status Source of classification or shelving scheme Damaged status Not for loan Permanent location Current location Date acquired Inventory number Total Checkouts Full call number Barcode Date last seen Price effective from Koha item type
          Ken Walker International University Ken Walker International University 02/08/2021 1301   821.111 M-32 1301 02/08/2021 02/08/2021 Books

Powered by Koha